Reforms of coal sector in India (Record no. 486906)

000 -LEADER
fixed length control field 00450cam a22001457a 4500
008 - FIXED-LENGTH DATA ELEMENTS--GENERAL INFORMATION
fixed length control field 180718b1999 xxu||||| |||| 00| 0 eng d
082 ## - DEWEY DECIMAL CLASSIFICATION NUMBER
Classification number APPPA 98-99 KEE/14
100 ## - MAIN ENTRY--PERSONAL NAME
Personal name Meena, J.L.
245 ## - TITLE STATEMENT
Title Reforms of coal sector in India
Statement of responsibility, etc. by J.L. Meena
260 ## - PUBLICATION, DISTRIBUTION, ETC.
Place of publication, distribution, etc. New Delhi
Name of publisher, distributor, etc. Indian Institute of Public Administration
Date of publication, distribution, etc. 1999
300 ## - PHYSICAL DESCRIPTION
Extent 69p.
650 ## - SUBJECT ADDED ENTRY--TOPICAL TERM
Topical term or geographic name entry element APPPA
650 ## - SUBJECT ADDED ENTRY--TOPICAL TERM
Topical term or geographic name entry element Privatization
650 ## - SUBJECT ADDED ENTRY--TOPICAL TERM
Topical term or geographic name entry element Coal mines and mining - Labor productivity - India
Holdings
Withdrawn status Lost status Damaged status Not for loan Permanent Location Current Location Date acquired Full call number Barcode Date last seen Price effective from Koha item type
        Indian Institute of Public Administration Indian Institute of Public Administration 2018-08-04 APPPA 98-99 KEE/14 GR14928 2018-08-04 2018-08-04 GR

Powered by Koha